000 00248 a2200109 4500
001 68524
040 _cAnchieta - Itaigara
240 1 0 _aEquinodermos., Artrópodes I
_l
245 1 0 _aEquinodermos., Artrópodes I
650 4 _aArtrópodes
942 _cMU
999 _c68524
_d68524